000 01863nam2a22002651 4500
001 rc\3348609
005 20250609215547.0
021 _aRU
_b[72-22242]
035 _a(NLR Aleph) 007520394
090 _a7723463
_c7723463
100 _a20130115d1971 |||y0rusy50 ca
101 0 _arus
102 _aRU
105 _aa z |||||
200 1 _aМонтаж приборов и средств автоматизации
_eВып. 1
_fМ-во монтажных и спец. строит. работ СССР. Упр. труда и заработной платы. ЦНИБ
210 _d1971
_aБ. м.
215 _a18 с.
_cчерт.
461 0 _1001rc\2340092
_12001#$a[Типовые нормы и расценки на строительные, монтажные и ремонтно-строительные работы]$e[Сб.] Т. 40$fМ-во мелиорации и водного хоз-ва СССР. Всесоюз. головной проектно-технол. ин-т "Союзоргтехводстрой"$vСб. Т-54
_96286577
_cМосква
_d1977
_fМ-во мелиорации и водного хоз-ва СССР. Всесоюз. головной проектно-технол. ин-т "Союзоргтехводстрой"
_nБ. и.
_o[Сб.] Т. 40
_t[Типовые нормы и расценки на строительные, монтажные и ремонтно-строительные работы]
_vСб. Т-54
606 _aКонтрольно-измерительные инструменты и приборы
_xМонтаж
_jНормы и расценки (Сб. т-54)
_2psbo
606 _aАвтоматические устройства
_xМонтаж
_jНормы и расценки (Сб. т-54)
_2psbo
801 0 _aRU
_bNLR
_gpsbo
801 1 _aRU
_bELAR
_2rusmarc
852 _aNLR
_jПт 80.1/1037
942 _cBOOK
980 _aNB